<?xml version="1.0" encoding="UTF-8"?><?xml-stylesheet type="text/xsl" href="static/style.xsl"?><OAI-PMH xmlns="http://www.openarchives.org/OAI/2.0/" xmlns:xsi="http://www.w3.org/2001/XMLSchema-instance" xsi:schemaLocation="http://www.openarchives.org/OAI/2.0/ http://www.openarchives.org/OAI/2.0/OAI-PMH.xsd"><responseDate>2026-04-18T00:12:42Z</responseDate><request verb="GetRecord" identifier="oai:www.recercat.cat:20.500.12327/2741" metadataPrefix="marc">https://recercat.cat/oai/request</request><GetRecord><record><header><identifier>oai:recercat.cat:20.500.12327/2741</identifier><datestamp>2025-10-22T10:54:23Z</datestamp><setSpec>com_2072_4428</setSpec><setSpec>com_2072_4427</setSpec><setSpec>col_2072_487896</setSpec></header><metadata><record xmlns="http://www.loc.gov/MARC21/slim" xmlns:dcterms="http://purl.org/dc/terms/" xmlns:xsi="http://www.w3.org/2001/XMLSchema-instance" xmlns:doc="http://www.lyncode.com/xoai" xsi:schemaLocation="http://www.loc.gov/MARC21/slim http://www.loc.gov/standards/marcxml/schema/MARC21slim.xsd">
   <leader>00925njm 22002777a 4500</leader>
   <datafield ind2=" " ind1=" " tag="042">
      <subfield code="a">dc</subfield>
   </datafield>
   <datafield ind2=" " ind1=" " tag="720">
      <subfield code="a">Giorgi, V.</subfield>
      <subfield code="e">author</subfield>
   </datafield>
   <datafield ind2=" " ind1=" " tag="720">
      <subfield code="a">Crescenzi, S.</subfield>
      <subfield code="e">author</subfield>
   </datafield>
   <datafield ind2=" " ind1=" " tag="720">
      <subfield code="a">Reig, G.</subfield>
      <subfield code="e">author</subfield>
   </datafield>
   <datafield ind2=" " ind1=" " tag="720">
      <subfield code="a">Ferretti, G.</subfield>
      <subfield code="e">author</subfield>
   </datafield>
   <datafield ind2=" " ind1=" " tag="720">
      <subfield code="a">Neri, D.</subfield>
      <subfield code="e">author</subfield>
   </datafield>
   <datafield ind2=" " ind1=" " tag="260">
      <subfield code="c">2023-06</subfield>
   </datafield>
   <datafield ind2=" " ind1=" " tag="520">
      <subfield code="a">Negli ultimi anni le esigenze dei&#xd;
consumatori di frutta fresca stanno&#xd;
evolvendo e oltre alle ottime caratteristiche&#xd;
organolettiche vengono apprezzate&#xd;
anche le proprietà nutraceutiche dei frutti.&#xd;
Le pesche platicarpe sono una tipologia di&#xd;
frutto ancora di nicchia nel mercato italiano,&#xd;
anche se in crescita come consumi. Il frutto&#xd;
richiesto dai consumatori deve avere buona&#xd;
pezzatura, assenza di difetti, polpa soda,&#xd;
poca acidità ed elevato contenuto di zuccheri.&#xd;
Inoltre, sempre più consumatori dimostrano&#xd;
di apprezzare anche alte concentrazioni&#xd;
di composti antiossidanti, che consentono di&#xd;
ottenere un frutto con qualità nutraceutiche&#xd;
superiori. Per far questo è importante analizzare&#xd;
e classificare le cultivar anche in base&#xd;
al loro valore nutrizionale, in modo tale che il&#xd;
miglioramento genetico possa indirizzare le&#xd;
attività di ricerca sulle cultivar che manifestano&#xd;
maggiormente anche questo carattere.&#xd;
Lo studio delle caratteristiche qualitative e&#xd;
nutrizionali dei frutti risulta importante anche&#xd;
per allargare il target dei consumatori,&#xd;
permettendo ad essi di collegare non solo&#xd;
la forma piatta al sapore dolce ma anche&#xd;
ad un valore nutraceutico superiore. A questo&#xd;
va aggiunta l’esigenza di estendere il&#xd;
periodo di consumo, introducendo varietà&#xd;
con raccolte precoci e tardive e riducendo&#xd;
al minimo la conservazione a basse temperature.&#xd;
In ogni caso le nuove varietà devono&#xd;
mantenere le caratteristiche delle platicarpe&#xd;
apprezzate dal consumatore.</subfield>
   </datafield>
   <datafield ind1="8" ind2=" " tag="024">
      <subfield code="a">0392-954X</subfield>
   </datafield>
   <datafield ind1="8" ind2=" " tag="024">
      <subfield code="a">http://hdl.handle.net/20.500.12327/2741</subfield>
   </datafield>
   <datafield ind2="0" ind1="0" tag="245">
      <subfield code="a">Buona risposta fisiologica delle cultivar platicarpe alle alte temperature estive</subfield>
   </datafield>
</record></metadata></record></GetRecord></OAI-PMH>